Statystyki dla Kraje imperium mongolskiego

Kliknij tutaj aby rozwiązać quiz!

Ogólne statystyki

  • Ten quiz został rozwiązany 151 razy
  • Średni wynik to 24 z 28

Statystyki odpowiedzi

Odpowiedź% Poprawnych
Rosja
98%
Mongolia
97%
Chiny
96%
Ukraina
92%
Indie
91%
Iran
91%
Irak
89%
Polska
89%
Turcja
89%
Turkmenistan
89%
Kazachstan
88%
Uzbekistan
88%
Armenia
86%
Pakistan
86%
Tadżykistan
86%
Afganistan
85%
Białorus
85%
Kirgistan
85%
Azerbejdżan
84%
Gruzja
83%
Korea Północna
81%
Korea Południowa
80%
Wietnam
78%
Mołdawia
74%
Rumunia
73%
Laos
72%
Syria
69%
Mjanma
58%

Rozkład punktacji

Percentyl według liczby udzielonych odpowiedzi

Procent ludzi z każdym wynikiem

Twoja historia wyników

Nie rozwiązałeś tego quizu